Movies Quiz

Random Movies or Clickable Quiz
Score 0/6 Timer 00:30
0 Plays Today
% Correct
George Lazenby
94.3%
Pierce Brosnan
89.5%
Timothy Dalton
89.1%
Daniel Craig
88.6%
Roger Moore
82.1%
Sean Connery
79%
Remove Ads.
Support Sporcle.
Get the best of Sporcle when you Go Orange. This ad-free experience offers more features, more stats, and more fun while also helping to support Sporcle. Thank you for becoming a member.

You're not logged in!

Compare scores with friends on all Sporcle quizzes.
OR
Log In

Show Comments

Extras

Top Quizzes Today


Score Distribution

Your Account Isn't Verified!

In order to create a playlist on Sporcle, you need to verify the email address you used during registration. Go to your Sporcle Settings to finish the process.

Report this User

Report this user for behavior that violates our Community Guidelines.

Details: